Komu předat žezlo ?
Problematika profesionalizácie vedenia firmy, ako jednej z aktuálnych tém dnešného biznisu. Autor skúma, prečo by vlastníci firiem mali vedenie svojich spoločností zabezpečiť prostredníctvom profesionálnych manažérov, aké by na nich mali byť kladené nároky a akým spôsobom uskutočniť zmenu vedenia.
Saved in:
| Main Author: | |
|---|---|
| Format: | Book Chapter |
| Language: | Czech |
| Subjects: | |
| Tags: |
No Tags, Be the first to tag this record!
|
MARC
| LEADER | 00000nla$a2200000$$$4500 | ||
|---|---|---|---|
| 001 | 0076253 | ||
| 005 | 20220801085045.6 | ||
| 041 | 0 | |a cze | |
| 044 | |a CZ | ||
| 245 | 1 | 0 | |a Komu předat žezlo ? |c Jiří Voloch |
| 520 | |a Problematika profesionalizácie vedenia firmy, ako jednej z aktuálnych tém dnešného biznisu. Autor skúma, prečo by vlastníci firiem mali vedenie svojich spoločností zabezpečiť prostredníctvom profesionálnych manažérov, aké by na nich mali byť kladené nároky a akým spôsobom uskutočniť zmenu vedenia. | ||
| 610 | 2 | 0 | |a firmy |
| 610 | 2 | 0 | |a vlastníctvo súkromné |
| 610 | 2 | 0 | |a vedenie podniku |
| 610 | 2 | 0 | |a teória vedenia |
| 610 | 2 | 0 | |a vodcovstvo |
| 610 | 2 | 0 | |a manažment krízový |
| 100 | 1 | |a Voloch, Jiří | |